000 00534nam a2200181Ia 4500
008 220531s9999 xx 000 0 und d
041 _amar
082 _bSAN
100 _aसांगळे, बी. आर. आणि इतर
_973337
245 _aविपणन व्यवस्थापन
250 _a1ST
260 _aPune
_bSuccess
_c2014
300 _a8.36
542 _d09-11-2018
650 _aMarketing Management
_973338
906 _cS.Y.B.Com.
_d2018-2019
_eElantas beck co.
_f14667
999 _c40898
_d40898